Statistics for Word Scramble- 2012 Films

Click here to take the quiz!

General Stats

  • This quiz has been taken 3,379 times
  • The average score is 11 of 15

Answer Stats

Scrambled TitleFilm% Correct
detTed
98%
eravbBrave
96%
efil fo ipLife of Pi
94%
12 pujm rteest21 Jump Street
90%
rakd sdowahsDark Shadows
90%
stih naems arwThis Means War
89%
hojn artecrJohn Carter
87%
eth eruhgn esmagThe Hunger Games
82%
hawt ot ctexep nehw ouy'er xpceeginetWhat to Expect When You're Expecting
82%
teh oxrlaThe Lorax
81%
het evfi-yrae mtgegneeanThe Five-Year Engagement
67%
letho aniaslvynartHotel Transylvania
59%
teh gersevanThe Avengers
40%
arapnamnorParaNorman
35%
mehtsroerupPrometheus
24%

Score Distribution

Percentile by Number Answered

Percent of People with Each Score

Your Score History

You have not taken this quiz